000 01003nam a2200217Ia 4500
001 a1363-32971
003 IT-MiCISF
008 161014s9999||||xx |||||||||||||| ||und||
040 _aIT-MiCISF
_cIT-MiCISF
041 _ait
100 _aLevorato Roberto
245 0 _aLa famiglia incontra la scuola
250 _a1a ed.
260 _aCinisello Balsamo (MI)
_bSan Paolo
_c2001
300 _app. 63
500 _a / famiglia, scuola, educazione, problemi-educazione / Una piccola guida che attraverso i consigli e le riflessioni scritte da due genitori - che hanno già vissuto e affrontato concretamente le varie problematiche che possono verificarsi quando i propri figli affrontano la realtà scolastica - si propone di orientare le famiglie in un compito educativo complesso, che può arricchire ma anche destabilizzare il rapporto genitori/figli.
650 _a Genitorialità e problemi educativi / scuola
_e004
700 _aLevorato Arianna
942 _cBK
957 _71
999 _a32971
_bsi
_g1
_c217877
_d217877